[Event "Trento op"]
[Site "Trento"]
[Date "2008.03.29"]
[Round "3"]
[White "Fortunato, Vito"]
[Black "Barro, Francesco"]
[Result "0-1"]
[WhiteElo "1874"]
[BlackElo "2025"]
[PlyCount "110"]
[EventDate "2008.03.28"]
[EventType "swiss"]
[EventRounds "5"]
[EventCountry "ITA"]
[SourceTitle "EXT 2011"]
[Source "ChessBase"]
[SourceDate "2010.11.26"]
[SourceVersion "1"]
[SourceVersionDate "2010.11.26"]
[SourceQuality "1"]

1. Nf3 Nf6 2. c4 e6 3. g3 b6 4. Bg2 Bb7 5. 0-0 Be7 6. d4 0-0 7. Nc3 d5 8. cxd5 Nxd5 9. Qc2 Na6 10. Rd1 Qc8 11. e4 Nxc3 12. bxc3 c5 13. d5 Rd8 14. c4 Nb4 15. Qe2 exd5 16. exd5 Bf6 17. Bb2 Re8 18. Qd2 Bxb2 19. Qxb2 Qf5 20. Nh4 Qc2 21. Qxc2 Nxc2 22. Rac1 Nd4 23. Kf1 g6 24. Nf3 Nxf3 25. Bxf3 Rad8 26. Re1 Kf8 27. Re3 Rxe3 28. fxe3 f5 29. Kf2 Rd6 30. g4 Ke7 31. Kg3 Kf6 32. gxf5 Kxf5 33. Rf1 Ba6 34. Rc1 Rf6 35. Rc3 Bb7 36. Kf2 Ke5 37. Ke2 Bc8 38. Rc1 Bf5 39. Rg1 Bd3+ 40. Kxd3 Rxf3 41. Rg5+ Rf5 42. Rxf5+ Kxf5 43. e4+ Ke5 44. Ke3 g5 45. Kf3 h6 46. Kg4 h5+ 47. Kxg5 b5 48. d6 Kxd6 49. Kf4 bxc4 50. e5+ Ke6 51. Ke4 h4 52. h3 c3 53. Kd3 c2 54. Kxc2 Kxe5 55. Kd3 Kf4 0-1

[Event "Arco op 28th"]
[Site "Arco"]
[Date "2006.10.28"]
[Round "8"]
[White "Fortunato, Vito"]
[Black "Bondielli, Giorgio"]
[Result "1-0"]
[WhiteElo "1866"]
[BlackElo "1986"]
[PlyCount "59"]
[EventDate "2006.10.21"]
[EventType "swiss"]
[EventRounds "9"]
[EventCountry "ITA"]
[SourceTitle "EXT 2024"]
[Source "ChessBase"]
[SourceDate "2023.10.10"]
[SourceVersion "1"]
[SourceVersionDate "2023.10.10"]
[SourceQuality "1"]

1. d4 f5 2. c4 Nf6 3. Nf3 g6 4. g3 Bg7 5. Bg2 0-0 6. Nc3 d6 7. Qc2 a5 8. Rb1 Na6 9. b3 Nh5 10. d5 f4 11. Ng5 Nc5 12. Nge4 Bf5 13. Bb2 Qe8 14. 0-0 Nf6 15. f3 fxg3 16. hxg3 h5 17. Nxf6+ Bxf6 18. e4 Bd7 19. Ne2 e5 20. dxe6 Nxe6 21. Bxf6 Rxf6 22. Rbd1 Qe7 23. Qd2 Kg7 24. e5 Rf7 25. exd6 cxd6 26. Qxd6 Qg5 27. f4 Qf6 28. Bxb7 Rd8 29. Bd5 Bc8 30. Qe5 1-0